000 00276nam a22001097a 4500
082 _a297.07 ABD'I
100 _aABDUL, RAHIM
_964854
245 _aISLAMI TALEEMAT , PROMOTION EAXM LT TO CAPT
260 _aRAWALPINDI
_bARMY EDUCATION PRESS
_c1984
300 _a73P
942 _cBK
999 _c573223
_d573223